Beiträge zu Sprache & Sprachen 5 Vorträge der 11. Jahrestagung der GESUS in Bratislava
Guardado en:
| Autores Corporativos: | , |
|---|---|
| Otros Autores: | |
| Formato: | Libro |
| Lenguaje: | alemán |
| Publicado: |
Mníchov
LINCOM
2004
|
| Colección: | Edition Linguistik
49 |
| Materias: | |
| Etiquetas: |
Sin Etiquetas, Sea el primero en etiquetar este registro!
|
MARC
| LEADER | 00000nam$a2200000$$$4500 | ||
|---|---|---|---|
| 001 | 0113400 | ||
| 005 | 20240502083300.6 | ||
| 020 | |a 3-89586-746-2 | ||
| 041 | 0 | |a ger | |
| 044 | |a DE | ||
| 245 | 1 | 0 | |a Beiträge zu Sprache & Sprachen 5 |b Vorträge der 11. Jahrestagung der GESUS in Bratislava |c Lívia Adamcová (Hrsg.) |
| 264 | 1 | |a Mníchov |b LINCOM |c 2004 | |
| 300 | |a 369 s. | ||
| 490 | 1 | |a Edition Linguistik |v 49 | |
| 830 | 0 | |a Edition Linguistik |v 49 | |
| 610 | 2 | 0 | |a jazykoveda |
| 610 | 2 | 0 | |a terminológia |
| 610 | 2 | 0 | |a jazyky cudzie |
| 610 | 2 | 0 | |a výskum |
| 700 | 1 | |a Adamcová, Lívia | |
| 110 | 2 | |a Beiträge zu Sprache & Sprachen 5. Kongress | |
| 710 | 2 | |a Univerzita Komenského v Bratislave. Pedagogická fakulta | |